000
00302nam a2200121Ia 4500
008
220204s9999 xx 000 0 und d
082
_a
331.446
_b
GUP
100
_a
GUPTA, H C
245
0
_a
Economics for trade and unionists
260
_a
Calcutta
_b
Minerva
_c
1976
650
_a
Trade unions
942
_c
BK
999
_c
28339
_d
28339